Responses for Jeopardy! Masters game #13 - Wednesday, May 17, 2023

2023 Jeopardy! Masters quarterfinal game 13.

Contestants

[<< previous game]

Sam Buttrey, an associate professor at the Naval Postgraduate School from Pacific Grove, California

Matt Amodio, a postdoctoral researcher from Cambridge, Massachusetts

Mattea Roach, a writer and podcaster from Toronto, Ontario, Canada

[next game >>]

Jeopardy! Round responses

CITIES OF SOUTH AMERICA
FAMOUS PAIRS
SCRAMBLED MAMMALS
PAGE TO SCREEN WITH A DIFFERENT TITLE
3 "O"s
INTERNATIONAL FOOD WITH PADMA LAKSHMI
(Padma Lakshmi: I'm Padma Lakshmi. I've mastered the art of writing cookbooks, as well as hosting food shows, so get ready for some international food clues.)
    200 30
Brasília

Mattea
    200 14
Simon & Schuster

Sam
    200 22
orangutan

Sam
    200 23
Stand by Me

Matt
    200 26
biological clock

Mattea
    200 29
(Matt: [Selecting the last clue] Do not bring it under any circumstances.)
(Ken: I am obligated to bring you this final clue.)

pesto

Matt
    400 24
Sucre

Matt
    400 13
Gilbert & Sullivan

Sam
    400 21
anteater

Mattea
    400 16
Field of Dreams

Matt
    400 25
hoi polloi

Mattea
    400 28
(Ken: Yeah, Indian food expert Sam Buttrey.)

chutneys

Sam
    600 5
(Ken: Dutch-speaking [*] is correct.)

Suriname

Mattea
    600 6
Harry & David

Sam
    600 18
wombat

Mattea
    600 15
Babe

Sam
    600 17
Rococo

Matt
    600 27
Frito pie

Mattea
    800 4
Guayaquil

Matt
    800 2
Abelard & Héloïse

Matt
    800 7
dormouse

Matt
    3,400 9
Munich

Matt
    800 12
Hobson's choice

Sam
    800 20
charcuterie

Matt
    1000 3
(Ken: It's in Uruguay, east of [*].)

Montevideo

Triple Stumper
    1000 1
(Ken: Before we begin the round, in Jeopardy! Masters we've been revealing to the home audience where the Daily Doubles are located. Take a look now. Here's where the Daily Double is in the first round. [Beep boop])

Sartre & de Beauvoir

Mattea
    1000 10
wolverine

Matt
    1000 8
(Ken: I could tell you'd seen it, and that is correct, yes.)

Edge of Tomorrow

Matt
    1000 11
(Sam: What's a colloquium?)
...
(Ken: Missing an "O", I'm afraid.)

a convocation

Sam
Triple Stumper
    1000 19
Boursin

Triple Stumper

Scores at the end of the Jeopardy! Round:

Mattea Matt Sam
4,000 10,400 2,200

Double Jeopardy! Round responses

ORCHESTRAS
4 CONSECUTIVE VOWELS OR CONSONANTS
AUTHORS
FOREIGN HOLIDAYS & OBSERVANCES
1990s EMMY AWARDS
FAMOUS NAME OVERLAPS
    400 25
the New York Philharmonic

Sam
    400 28
earthling

Mattea
    400 24
Eggers

Matt
    400 26
(Ken: [With a brogue] [*], as Alex would say.)

(Rabbie) Burns

Sam
    400 22
(Mattea: Who's Mariah Carey?)

Bette Midler

MatteaSam
    400 21
(Mattea: [Selecting the next clue] Um, [sighs] EMMYS, uh, 400.)
(Ken: Gotta do it sometime.)

George Marshall Mathers

Mattea
    2,000 20
(Matt: [Selecting the next clue, and timorously seeming to decide to venture into the much-avoided EMMY category] Um, now we can do EM--uh, FAMOUS NAME OVERLAPS for 400.)
(Ken: [Chuckling] [Still] not into the Emmys, huh?)

Denmark

Matt
    800 18
Kīlauea

Matt
    800 8
Sacks

Sam
    800 14
Guy Fawkes

Mattea
    800 23
NYPD Blue

Matt
    5,000 19
David Lloyd George Washington Carver

Matt
    1200 16
Fiedler

Matt
    1200 2
(Mattea: What's bourgeois?)

highbrow

Mattea
Triple Stumper
    1200 6
Franzen

Matt
    1200 11
Pitcairn

Sam
    1200 27
(Matt: [Selecting the next clue] Uh, the last non-EMMYS one for 400, please?)

thirtysomething

Matt
    1200 12
Kit Carson Kressley

Mattea
    1600 15
(Matt: Um, what's the, uh, New York Symphony?)
(Sam: What's the Philadelphia Symphony?)

the Chicago Symphony Orchestra

MattSam
Triple Stumper
    1600 1
(Ken: For those of you at home who would like to know, here is where the two Daily Doubles are located in this round. [Beep boop] There we have it.)

Iroquoian

Mattea
    1600 4
Kingsolver

Sam
    1600 10
Leopold I

Mattea
    1600 29
(Ken: You're all complaining, but you've gotten all four of them!)
(Sam: I would like you bring me that clue, if--if you find it convenient to do that thing.)
(Ken: For you, Sam, anything.)

Burt Reynolds

Sam
    1600 13
George Mason Weems

Matt
    2000 5
Dublin

Matt
    2000 3
Ushuaia

Matt
    2000 7
Patchett

Matt
    2000 9
St. Lucia

Mattea
    2000 30
David E. Kelley

Triple Stumper
    2000 17
Isadora Duncan Phyfe

Matt

Scores at the end of the Double Jeopardy! Round:

Mattea Matt Sam
10,400 31,000 7,000
(lock game)

[wagering suggestions for these scores]

Final Jeopardy! Round responses

THE LAKE SHOW
(Ken: [To Matt] Thank you. Thank you for sticking to your principles, Matt. I appreciate that.)
SamWhat is Lake Malawi?
7,000
MatteaWhat is Lake Chad?
3,601
MattWhat Unlike James, I'm too classy to write a joke response
0
Lake Malawi

Final scores:

Mattea Matt Sam
6,799 31,000 14,000
3rd place: 8 match points (advance to semifinals) Winner: 9 match points (advance to semifinals) 2nd place: 3 match points (eliminated): 6th place: $50,000

Game dynamics:

Coryat scores:

Mattea Matt Sam
10,400 23,000 7,000
15 R,
2 W
25 R
(including 3 DDs),
1 W
14 R,
2 W

Combined Coryat: 40,400

[game clues] [game scores] [suggest correction]

Game tape date: 2023-05-02
The J! Archive is created by fans, for fans. Scraping, republication, monetization, and malicious use prohibited; this site may use cookies and collect identifying information. See terms. The Jeopardy! game show and all elements thereof, including but not limited to copyright and trademark thereto, are the property of Jeopardy Productions, Inc. and are protected under law. This website is not affiliated with, sponsored by, or operated by Jeopardy Productions, Inc. Join the discussion at JBoard.tv.